| 000 | 00479nam a22001577a 4500 | ||
|---|---|---|---|
| 005 | 20241127150821.0 | ||
| 008 | 241127b |||||||| |||| 00| 0 eng d | ||
| 020 | _a9780435631208 | ||
| 050 | _aQD31.2 SAL | ||
| 245 |
_aSalters Advanced Chemistry/ _bChemical Ideas _cGeorge Burton, et all, |
||
| 250 | _a2nd ed. | ||
| 260 |
_aHalley Court _bHeinemann Educational Publishers _c2000 |
||
| 300 |
_a392p. _bill. _c26.5cm |
||
| 700 | _aBurton George, Et all | ||
| 942 |
_2lcc _cBK _e2nd ed. _n0 |
||
| 999 |
_c1631 _d1631 |
||